00952nam a2200241 i 4500001000700000003000900007005001700016008004100033020001800074080002400092100003600116245009500152260003800247300002200285490002900307594004400336600005300380700004600433830003700479852005200516999001900568952012300587184375ES-MaACL20251123114407.0150729s2000 sp |||| |bspa d a84-88816-66-9 a929 Bloy, León :20 aBloy, Léon,d1846-191792957310aEn tinieblas / cLéon Bloy ; edición, traducción y notas de Luis Cayo Pérez Bueno. aMadrid : bEscuela Libre, c2000. a109 p. ; c21 cm.1 aLetras diferentes ; v11 aTraducción de: Dans les ténèbres.17aBloy, Léon,d1846-1917- xReligión291571611 aPérez Bueno, Luis Cayo, d1967-91571620 aLetras diferentes ; v119179437 aES-MaACLjL-30128 z.- Donat. Miguel A. Velasco c184375d184375 00104070aATENEOMbATENEOMcDEPO2d2015-07-29eDONl0oL-30128p1193979r2023-02-23 00:00:00w2023-02-23yMONOGRAFIA